[Event "AUTO-INT-3956"]
[Site "http://www.queenalice.com/game.php?id=1867685"]
[Date "2026.1.7"]
[Round "1"]
[White "zmanomega"]
[Black "newgame"]
[Result "0-1"]
[WhiteElo "1479"]
[BlackElo "1595"]

1. e4 e5 2. Bc4 Nf6 3. Qf3 Qe7 4. d3 Nc6 5. h4 Nd4 6. Qd1 g6 7. Nd2 Bg7 8. c3
Nc6 9. f3 Na5 10. b4 Nxc4 11. dxc4 b6 12. Ba3 O-O 13. g4 d6 14. Nh3 h6 15. h5
gxh5 16. g5 hxg5 17. Nxg5 Bh6 18. Nh3 Ba6 19. b5 Bb7 20. Bb4 Bc8 21. a4 Kh7 22.
Qe2 Rg8 23. a5 Bxh3 24. Rxh3 Rg1+ 25. Nf1 Rag8 26. Rh2 h4 27. Kd1 Qd7 28. Rxh4
R8g6 29. Kc2 R6g2 30. Qxg2 Rxg2+ 31. Kb3 Kg7 32. axb6 cxb6 33. Nh2 Bg5 34. Rh3
Qxh3 35. Ng4 Re2 36. Bxd6 Qxf3 0-1

[Event "AUTO-INT-3956"]
[Site "http://www.queenalice.com/game.php?id=1867686"]
[Date "2026.1.7"]
[Round "1"]
[White "newgame"]
[Black "zmanomega"]
[Result "1-0"]
[WhiteElo "1596"]
[BlackElo "1491"]

1. e4 e5 2. Nf3 d6 3. d4 exd4 4. Nxd4 c5 5. Nf3 f6 6. Bc4 Nh6 7. Bf4 Bd7 8. Nc3
Qa5 9. O-O Bg4 10. h3 Bxh3 11. gxh3 g5 12. Bd2 Qd8 13. a3 g4 14. Bxh6 Bxh6 15.
hxg4 Bf4 16. Ne2 Bh6 17. Bb3 Nd7 18. Qd5 Qe7 19. Ba4 a6 20. Qxb7 Rb8 21. Bxd7+
Kf7 22. Qd5+ Kg7 23. Qf5 Rb7 24. Bc6 Rc7 25. Bd5 a5 26. Nf4 Bxf4 27. Qxf4 h5 28.
g5 Rf8 29. g6 c4 30. Nh4 1-0

[Event "AUTO-INT-3956"]
[Site "http://www.queenalice.com/game.php?id=1867705"]
[Date "2026.1.7"]
[Round "1"]
[White "newgame"]
[Black "bdpq"]
[Result "1-0"]
[WhiteElo "1576"]
[BlackElo "1665"]

1. c4 d5 2. cxd5 Qxd5 3. Nc3 Qd8 4. e4 Nf6 5. Bc4 e6 6. d4 Bb4 7. f3 Nc6 8. a3
Bd6 9. e5 Nxe5 10. dxe5 Bxe5 11. f4 Bd6 12. Nf3 O-O 13. Qe2 Bd7 14. h3 Bc6 15.
g3 e5 16. O-O exf4 17. Bxf4 Bxf4 18. gxf4 Re8 19. Bxf7+ Kxf7 20. Qc4+ Kf8 21.
Ng5 Bd5 22. Nxd5 c6 23. Qb4+ Kg8 24. Nxf6+ Qxf6 25. Qb3+ Kh8 26. Qxb7 Reb8 27.
Qf7 Qxb2 28. Qf5 g6 29. Qd3 Rb3 30. Rab1 Rxd3 31. Rxb2 Rxa3 32. Rb7 h6 33. Rh7+
Kg8 34. Rxh6 Kg7 35. Rh7+ Kf6 36. Rf7# 1-0

[Event "AUTO-INT-3956"]
[Site "http://www.queenalice.com/game.php?id=1867706"]
[Date "2026.1.7"]
[Round "1"]
[White "bdpq"]
[Black "newgame"]
[Result "0-1"]
[WhiteElo "1761"]
[BlackElo "1505"]

1. e4 e5 2. d4 exd4 3. Qxd4 Nc6 4. Qd1 Nf6 5. Qf3 b6 6. Bg5 Ne5 7. Qg3 Bb7 8. f3
h6 9. Bf4 Nh5 10. Qf2 Nxf4 11. Nc3 Bc5 12. Qd2 g5 13. O-O-O c6 14. Na4 Qe7 15.
Nxc5 Qxc5 16. Ne2 Nc4 17. Qxd7+ Kf8 18. Qxb7 Kg7 19. Nxf4 gxf4 20. b3 Qa3+ 0-1

[Event "AUTO-INT-3941"]
[Site "http://www.queenalice.com/game.php?id=1868144"]
[Date "2026.1.17"]
[Round "2"]
[White "newgame"]
[Black "Carlos19"]
[Result "1-0"]
[WhiteElo "1531"]
[BlackElo "1794"]

1. c4 e5 2. d3 Nf6 3. Nf3 Bb4+ 4. Nbd2 d5 5. a3 Bxd2+ 6. Bxd2 d4 7. Qa4+ c6 8.
Nxe5 O-O 9. e3 dxe3 10. Bxe3 a6 11. b4 b5 12. Qd1 bxc4 13. Nxc4 Re8 14. d4 Ne4
15. Qc2 f5 16. f3 Nf6 17. Bd3 Nd5 18. Kf2 Nxe3 19. Nxe3 Qxd4 20. Rae1 g6 21.
Qc4+ Qxc4 22. Bxc4+ Kg7 23. g4 a5 24. b5 f4 25. Ng2 Rf8 26. Re7+ Kh8 27. h4 cxb5
28. Bd5 Ra6 29. Rc1 Rd6 30. Bb3 Rd2+ 31. Kg1 Rd3 32. Bf7 Rxf3 33. Bd5 Bxg4 34.
Rcc7 Nd7 35. Bxf3 Bf5 36. Bc6 Nf6 37. Nxf4 Rc8 38. Bxb5 Rxc7 39. Rxc7 Ne4 40. h5
g5 41. Ra7 gxf4 42. h6 Nc3 43. Ra8+ Bc8 44. Rxc8# 1-0

[Event "Challenge"]
[Site "http://www.queenalice.com/game.php?id=1868834"]
[Date "2026.2.3"]
[Round "-"]
[White "newgame"]
[Black "PRZ"]
[Result "1-0"]
[WhiteElo "1486"]
[BlackElo "1564"]

1. c4 e6 2. Nf3 Nc6 3. e4 b6 4. d4 d5 5. e5 h6 6. Nc3 g5 7. Bd3 g4 8. Nd2 Nxd4
9. Qxg4 dxc4 10. Be4 Rb8 11. Nxc4 f5 12. Qh5+ Kd7 13. Be3 fxe4 14. O-O-O c5 15.
Bxd4 Kc7 16. Nb5+ Kc6 17. Bxc5 Qg5+ 18. Qxg5 hxg5 19. Bxf8 Kxb5 20. b3 Ba6 21.
Ba3 Bb7 22. Nd6+ Ka6 23. Kb1 Ne7 24. Rd4 e3 25. Ra4# 1-0

[Event "AUTO-INT-3962"]
[Site "http://www.queenalice.com/game.php?id=1870265"]
[Date "2026.3.9"]
[Round "1"]
[White "Jomaley"]
[Black "newgame"]
[Result "1-0"]
[WhiteElo "1629"]
[BlackElo "1602"]

1. e4 e5 2. d3 Bc5 3. Be3 Bxe3 4. fxe3 Nf6 5. h3 c5 6. g4 b6 7. g5 Ng8 8. h4 Ne7
9. h5 d5 10. exd5 Nxd5 11. g6 fxg6 12. hxg6 Nc6 13. Qf3 Rf8 14. gxh7 Rh8 15. Nc3
Nf6 16. O-O-O Qd6 17. Nb5 Bg4 18. Nxd6+ Kd7 19. Bh3 Kxd6 20. Bxg4 Rxh7 21. Rxh7
Nxh7 22. Qf7 Ng5 23. Qd7# 1-0

[Event "AUTO-INT-3962"]
[Site "http://www.queenalice.com/game.php?id=1870266"]
[Date "2026.3.9"]
[Round "1"]
[White "newgame"]
[Black "zubarev"]
[Result "1-0"]
[WhiteElo "1546"]
[BlackElo "1972"]

1. c4 e5 2. e4 Nf6 3. Nc3 Nc6 4. g3 d6 5. Bg2 Be7 6. Nge2 Be6 7. d3 O-O 8. f3
Ne8 9. a3 f5 10. exf5 Bxf5 11. O-O Bf6 12. f4 Qd7 13. Be3 Bg4 14. Qb3 Kh8 15.
Nd5 Bxe2 16. Rfe1 Bh5 17. Qc2 exf4 18. Bxf4 Nd4 19. Qf2 c5 20. Be5 dxe5 21. b4
Bg5 22. Qxf8# 1-0

[Event "AUTO-INT-3962"]
[Site "http://www.queenalice.com/game.php?id=1870267"]
[Date "2026.3.9"]
[Round "1"]
[White "zubarev"]
[Black "newgame"]
[Result "1-0"]
[WhiteElo "1939"]
[BlackElo "1587"]

1. d4 Nc6 2. Nf3 f6 3. e3 d5 4. Bd2 e6 5. Nc3 Bd6 6. Bb5 Bd7 7. O-O Nge7 8. Re1
Ng6 9. a3 O-O 10. Qe2 a6 11. Bd3 b5 12. e4 Nf4 13. Bxf4 Bxf4 14. exd5 exd5 15.
Nxd5 Bd6 16. c4 Bg4 17. h3 Bxf3 18. Qxf3 Nxd4 19. Qe4 Bc5 20. Rad1 c6 21. Qxh7+
Kf7 22. Bg6# 1-0

[Event "Challenge"]
[Site "http://www.queenalice.com/game.php?id=1871571"]
[Date "2026.4.7"]
[Round "-"]
[White "PRZ"]
[Black "newgame"]
[Result "1-0"]
[WhiteElo "1485"]
[BlackElo "1608"]

1. g3 d5 2. Bg2 Nf6 3. d3 e5 4. c3 Bg4 5. h3 Be6 6. c4 c6 7. Nf3 Bd6 8. Ng5 O-O
9. Nxe6 fxe6 10. a3 c5 11. h4 Nc6 12. Qb3 b6 13. cxd5 exd5 14. Bxd5+ Kh8 15.
Bxc6 Rc8 16. Bd5 Ng4 17. Be6 Rc7 18. Bxg4 Qf6 19. f3 e4 20. dxe4 Bxg3+ 21. Kf1
Rd8 22. Nc3 Rc6 23. Bg5 Qf8 24. Bxd8 Qxd8 25. Kg2 Be5 26. Nb5 Qf8 27. Nxa7 Qf4
28. Rh3 Rd6 29. Qa4 g6 30. Qe8+ Kg7 31. Nc8 Rd2 32. Qb5 Qe3 33. Kf1 Bd4 34. Ke1
Qxe2+ 35. Qxe2 Rxe2+ 36. Kxe2 1-0

[Event "AUTO-INT-3965"]
[Site "http://www.queenalice.com/game.php?id=1871581"]
[Date "2026.4.7"]
[Round "1"]
[White "SGF"]
[Black "newgame"]
[Result "1-0"]
[WhiteElo "1663"]
[BlackElo "1606"]

1. e4 e5 2. Qf3 f6 3. d3 Bc5 4. Be2 d6 5. Qg3 Qe7 6. c3 Nc6 7. b4 Bb6 8. a4 a5
9. b5 Nd8 10. h4 Nf7 11. Qxg7 Ngh6 12. Bxh6 Qf8 13. Qxf8+ Rxf8 14. Bxf8 Kxf8 15.
Nd2 Be6 16. c4 d5 17. exd5 Bxf2+ 18. Kxf2 Bf5 19. g4 Bd7 20. g5 f5 21. Bh5 f4
22. Ngf3 Bf5 23. Bxf7 Kxf7 24. h5 Re8 25. g6+ hxg6 26. h6 Kg8 27. h7+ Kh8 28.
Ne1 e4 29. dxe4 Bg4 30. Rh4 Bh5 31. Rxf4 Kxh7 32. Rf7+ Kg8 33. Rxc7 1-0

[Event "AUTO-INT-3965"]
[Site "http://www.queenalice.com/game.php?id=1871582"]
[Date "2026.4.7"]
[Round "1"]
[White "newgame"]
[Black "SGF"]
[Result "0-1"]
[WhiteElo "1558"]
[BlackElo "1667"]

1. e4 e5 2. Nf3 Qf6 3. Bc4 d6 4. d3 Be7 5. Nc3 c6 6. Be3 b5 7. Bb3 a5 8. a4 b4
9. Ne2 Qg6 10. O-O Bh3 11. Ng3 Bg4 12. d4 h5 13. dxe5 h4 14. Nf5 h3 15. N3h4
Bxh4 16. f3 Bxf5 17. Bxf7+ Kxf7 18. exf5 Qxg2# 0-1

[Event "Escacs 266"]
[Site "http://www.queenalice.com/game.php?id=1872157"]
[Date "2026.4.19"]
[Round "-"]
[White "alterego"]
[Black "newgame"]
[Result "1-0"]
[WhiteElo "1698"]
[BlackElo "1585"]

1. d4 d5 2. c4 dxc4 3. Nc3 Bf5 4. g3 Nd7 5. Bg2 c6 6. Nf3 f6 7. O-O Qc7 8. Bf4
Qb6 9. Na4 Qa5 10. Nc3 e6 11. Nh4 O-O-O 12. Bd2 c5 13. Nxf5 exf5 14. Nd5 Qb5 15.
a4 Qc6 16. Nc3 Qe6 17. Nb5 Kb8 18. d5 Qe5 19. f4 Qe8 20. Ba5 b6 21. Bc3 Qf7 22.
d6 Qe6 23. a5 a6 24. Nc7 Qxd6 25. Qxd6 Bxd6 26. axb6 Nxb6 27. Nxa6+ Kc8 28. Ba5
Bc7 29. Nxc5 Ne7 30. Ne6 Rd6 31. Nxc7 Kxc7 32. Bb4 Rd7 33. Ra7+ Kb8 34. Ra6 Kc7
35. Ra7+ Kb8 36. Ra6 Nbd5 37. Ba5 Ne3 38. Ra8# 1-0

[Event "Escacs 267"]
[Site "http://www.queenalice.com/game.php?id=1872158"]
[Date "2026.4.19"]
[Round "-"]
[White "newgame"]
[Black "alterego"]
[Result "1-0"]
[WhiteElo "1574"]
[BlackElo "1700"]

1. e4 g6 2. d4 Bg7 3. Nf3 a6 4. d5 d6 5. h3 Nf6 6. c4 Nxe4 7. Qc2 Bf5 8. Bd3 O-O
9. Nc3 Nxc3 10. bxc3 Bxd3 11. Qd2 Bxc4 12. Qf4 e5 13. Qxc4 b5 14. Qd3 Nd7 15.
O-O Nc5 16. Qe2 e4 17. Nd4 Qh4 18. f3 exf3 19. Nxf3 Qg3 20. Be3 Rae8 21. Qf2
Qxf2+ 22. Bxf2 Nd3 23. Rad1 Nxf2 24. Kxf2 Bxc3 25. Rc1 Ba5 26. Rc6 Re4 27. Rcc1
Bb6+ 28. Kg3 Rc8 29. Ng5 Re5 30. Nxf7 Rxd5 31. Rce1 Kg7 32. h4 Rh5 33. Re7 Bd4
34. Nxd6+ Kh6 35. Nxc8 c5 36. Rf8 c4 37. Rff7 Bc5 38. Rxh7# 1-0

[Event "Escacs 274"]
[Site "http://www.queenalice.com/game.php?id=1872577"]
[Date "2026.5.2"]
[Round "-"]
[White "alterego"]
[Black "newgame"]
[Result "1-0"]
[WhiteElo "1714"]
[BlackElo "1587"]

1. d4 Nf6 2. c4 e6 3. c5 g6 4. g3 Bg7 5. Bg2 d6 6. Bg5 h6 7. Bf4 g5 8. Be3 d5 9.
Nf3 b6 10. cxb6 axb6 11. Ne5 O-O 12. O-O Bb7 13. Nc3 Nc6 14. Nxc6 Bxc6 15. Bd2
Ne4 16. Nxe4 f5 17. Nc3 Bxd4 18. Nxd5 exd5 19. Bb4 Bc5 20. Bc3 Qd6 21. b4 d4 22.
bxc5 bxc5 23. Bxc6 Qxc6 24. Qb3+ Kg7 25. Bb2 Rae8 26. Qc4 Re6 27. Qd3 f4 28. e3
f3 29. Rac1 Rd6 30. Rc4 Qd7 31. Rxc5 Qh3 32. Rxc7+ Rd7 33. Rxd7+ Qxd7 34. Bxd4+
Kf7 35. Qc4+ Kg6 36. Qd3+ Kh5 37. Kh1 Rb8 38. e4 Qh3 39. Rg1 Rc8 40. Qxf3+ 1-0

[Event "AUTO-INT-3967"]
[Site "http://www.queenalice.com/game.php?id=1872652"]
[Date "2026.4.29"]
[Round "1"]
[White "newgame"]
[Black "game"]
[Result "0-1"]
[WhiteElo "1576"]
[BlackElo "1584"]

1. e4 c5 2. Nf3 Nc6 3. Bb5 d6 4. c3 Bd7 5. d4 e5 6. Bxc6 Bxc6 7. dxe5 dxe5 8.
Qxd8+ Rxd8 9. O-O Bxe4 10. Nxe5 Bd6 11. Nc4 Bd3 12. Re1+ Ne7 13. Re3 Bc2 14. Ne5
O-O 15. Na3 Bxe5 16. Rxe5 Rd1+ 0-1